Guess the 1970s song lyrics #102 - Statistics

General Stats
  • This quiz has been taken 30 times
  • The average score is 168 of 292
Answer Stats
Answer % Correct
a
100%
an
100%
I
96%
the
96%
To
96%
to
96%
on
92%
I'm
88%
me
83%
Who
83%
my
79%
no
75%
have
67%
like
67%
Oh
67%
oh
67%
want
63%
don't
58%
eagle
58%
fly
58%
Fly
58%
free
54%
keeps
54%
Let
54%
people
54%
slippin
54%
their
54%
Time
54%
With
54%
future
50%
Into
50%
wanna
50%
carry
46%
Doo
46%
doo
46%
enough
46%
sea
46%
shoes
46%
spirit
46%
there's
46%
Til
46%
eat
42%
Feed
42%
feet
42%
Livin
42%
solution
42%
street
42%
babies
38%
children
38%
House
38%
revolution
38%
Shoe
38%
through
33%
Tick
25%
tick
25%
tock
25%
Times
17%
Lord
13%
No matching quizzes found
Score Distribution
Percent of People with Each Score
Percentile by Number Answered
Your Score History
You have not taken this quiz